| 000 | 00513nam a2200217Ia 4500 | ||
|---|---|---|---|
| 003 | AR-RoIUNI | ||
| 005 | 20190510154046.0 | ||
| 008 | 150616s9999 xx 000 0 und d | ||
| 020 | _a9789871221509 | ||
| 040 | _cIUNIR | ||
| 040 |
_dOCLC _cIUNIR |
||
| 080 | _a340 ACT | ||
| 245 | 1 |
_aRevista Actualidad Jurídica Nº 6 _cDirector: Roberto A. Muguillo |
|
| 260 | _aBuenos Aires | ||
| 260 | _bLegis | ||
| 260 | _c2009 | ||
| 300 | _a311 p. | ||
| 300 | _c24 cm. | ||
| 650 | 1 | 0 |
_9106 _aDerecho |
| 942 |
_cBK _2cdu |
||
| 999 |
_c788 _d788 |
||